Tutorial essays in psychology ./ (Record no. 111410)
[ view plain ]
| 000 -LEADER | |
|---|---|
| fixed length control field | 00473nam a22001697a 4500 |
| 003 - CONTROL NUMBER IDENTIFIER | |
| control field | BD-ChCU |
| 005 - DATE AND TIME OF LATEST TRANSACTION | |
| control field | 20260201125343.0 |
| 008 - FIXED-LENGTH DATA ELEMENTS--GENERAL INFORMATION | |
| fixed length control field | 260201b bg ||||| |||| 00| 0 ben d |
| 040 ## - CATALOGING SOURCE | |
| Transcribing agency | BD-ChCU |
| 082 ## - DEWEY DECIMAL CLASSIFICATION NUMBER | |
| Classification number | 150 SUT |
| 100 ## - MAIN ENTRY--PERSONAL NAME | |
| Personal name | Sutherland , N.S. |
| 9 (RLIN) | 19959 |
| 245 ## - TITLE STATEMENT | |
| Title | Tutorial essays in psychology ./ |
| Statement of responsibility, etc. | N.S. Sutherland . |
| 260 ## - PUBLICATION, DISTRIBUTION, ETC. | |
| Place of publication, distribution, etc. | New York : |
| Name of publisher, distributor, etc. | Lawrence Erlbaum Associates pub. |
| Date of publication, distribution, etc. | C 1977 |
| 300 ## - PHYSICAL DESCRIPTION | |
| Extent | Vol . 1. |
| 650 #0 - SUBJECT ADDED ENTRY--TOPICAL TERM | |
| Topical term or geographic name entry element | Psychology . |
| 9 (RLIN) | 19961 |
| 942 ## - ADDED ENTRY ELEMENTS (KOHA) | |
| Source of classification or shelving scheme | Dewey Decimal Classification |
| Koha item type | Books |
| Suppress in OPAC | No |
| Withdrawn status | Lost status | Source of classification or shelving scheme | Damaged status | Not for loan | Home library | Current library | Shelving location | Date acquired | Source of acquisition | Total Checkouts | Full call number | Barcode | Date last seen | Copy number | Price effective from | Koha item type | Public note |
|---|---|---|---|---|---|---|---|---|---|---|---|---|---|---|---|---|---|
| Dewey Decimal Classification | Chittagong University Library | Chittagong University Library | Arts and Humanities Reading Room | 02/01/2026 | Purchase | 150 SUT | 122164 | 02/01/2026 | C-2 | 02/01/2026 | Books | V.1: | |||||
| Dewey Decimal Classification | Chittagong University Library | Chittagong University Library | Arts and Humanities Reading Room | 02/01/2026 | Purchase | 150 SUT | 122165 | 02/01/2026 | C-3 | 02/01/2026 | Books | V.1: | |||||
| Dewey Decimal Classification | Chittagong University Library | Chittagong University Library | Arts and Humanities Reading Room | 02/01/2026 | Purchase | 150 SUT | 122166 | 02/01/2026 | C-4 | 02/01/2026 | Books | V.1: | |||||
| Dewey Decimal Classification | Chittagong University Library | Chittagong University Library | Arts and Humanities Reading Room | 02/01/2026 | Purchase | 150 SUT | 123737 | 02/01/2026 | C-5 | 02/01/2026 | Books | V.1: | |||||
| Dewey Decimal Classification | Chittagong University Library | Chittagong University Library | Arts and Humanities Reading Room | 02/01/2026 | Purchase | 150 SUT | 123738 | 02/01/2026 | C-6 | 02/01/2026 | Books | V.1: | |||||
| Dewey Decimal Classification | Chittagong University Library | Chittagong University Library | Arts and Humanities Reading Room | 02/01/2026 | Purchase | 150 SUT/V.1: | 122167 | 02/03/2026 | C-6 | 02/01/2026 | Books | V.1: | |||||
| Dewey Decimal Classification | Chittagong University Library | Chittagong University Library | Arts and Humanities Reading Room | 02/01/2026 | Purchase | 150 SUT/V.1: | 122168 | 02/03/2026 | C-7 | 02/01/2026 | Books | ||||||
| Dewey Decimal Classification | Chittagong University Library | Chittagong University Library | Arts and Humanities Reading Room | 02/01/2026 | Purchase | 150 SUT/V.1: | 122169 | 02/03/2026 | C-7 | 02/01/2026 | Books | ||||||
| Dewey Decimal Classification | Chittagong University Library | Chittagong University Library | Arts and Humanities Reading Room | 02/01/2026 | Purchase | 150 SUT/V.1: | 122170 | 02/03/2026 | C-8 | 02/01/2026 | Books |